British Birds by Colours - Black and White - Statistics

General Stats
  • This quiz has been taken 21 times
  • The average score is 13 of 18
Answer Stats
Picture Hint Answer % Correct
Fratercula arctica Atlantic Puffin
100%
Pica pica Eurasian Magpie
100%
Recurvirostra avosetta Avocet
90%
Alca torda Razorbill
90%
Branta leucopsis Barnacle Goose
80%
Motacilla alba Pied Wagtail
80%
Bucephala islandica Barrow's Goldeneye
70%
Uria lomvia Brünnich's Guillemot
70%
Ficedula hypoleuca European Pied Flycatcher
70%
Larus marinus Great Black-Backed Gull
70%
Alle alle Little Auk
70%
Turdus torquatus Ring Ouzel
70%
Mergellus albellus Smew
70%
Ciconia ciconia White Stork
70%
Chlidonias leucopterus White-Winged Black Tern
70%
Oenanthe pleschanka Pied Wheatear
40%
Mniotilta varia Black-and-White Warbler
30%
Ficedula albicollis Collared Flycatcher
30%
No matching quizzes found
Score Distribution
Percent of People with Each Score
Percentile by Number Answered
Your Score History
You have not taken this quiz